000 00870cab a2200193 4500
001 ##L134923
008 060911n2006 000 0 eng u
035 _a(Sirsi) u134923
041 0 _aeng
245 0 0 _aEG Finance
_bJLL monthly prime yields
260 _c2006
490 0 _aEstates Gazette
_v(0636) 9 September 2006, 54(1)
520 _aSets out Jones Lang LaSalle's figures on prime yields for the last month. Yields have remained static in most sectors, with the all-property prime yield unchaged at 4.61%, and the all-retail yield remaining at 4.31%. The prime all-office yield was stable at 4.6%, however the prime industrial yield dropped slightly to 5.23%. Table and graphs.
590 _aIKA190906
650 2 4 _aJLL MONTHLY PRIME YIELDS
651 4 _aUnited Kingdom
_y
690 _aPROPERTY-COMMERCIAL PROPERTY-COMMERCIAL PROPERTY MARKET
942 _n0
999 _c77713
_d77713